MARC

LEADER 00000nam0a2200000 4500
001 358228
005 20231102011055.0
035 |a (RuTPU)RU\TPU\retro\15496 
090 |a 358228 
100 |a 20200814d1978 km y0rusy50 ca 
101 0 |a rus 
102 |a RU 
105 |a a z 001zy 
200 1 |a Системы с азеотропизмом при высоких давлениях  |f Н. Е. Хазанова 
210 |a Москва  |c Химия  |d 1978 
215 |a 216 с.  |c ил. 
320 |a Библиогр.: с. 213 
606 1 |a Азеотропия  |2 stltpush  |3 (RuTPU)RU\TPU\subj\75502  |9 87253 
610 1 |a высокие давления 
610 1 |a химическое равновесие 
610 1 |a фазовые равновесия 
610 1 |a жидкость-газ 
610 1 |a термодинамика 
610 1 |a критические кривые 
610 1 |a термодинамическое поведение 
675 |a 544.344.01  |v 4 
700 1 |a Хазанова  |b Н. Е.  |g Ноэмми Ефимовна 
801 1 |a RU  |b 63413507  |c 20200814 
801 2 |a RU  |b 63413507  |c 20210219  |g RCR 
942 |c BK